000 00745nam a22001937a 4500
005 20241007163436.0
010 _aHIN-128544
020 _a9789355438928
_c350.00
035 _aHN-100890
037 _bDBAD
082 _a158.1
100 _aबजाज,करण
_972443
245 _aद फ़्रीडम मेनिफ़ेस्टो /
_cकरण बजाज
260 _aउत्तर प्रदेश
_bमंजुल पब्लिशिंग हाउस
_c2024
270 _aसी-16, सेक्टर 3 , नोएडा
_bउतर प्रदेश
_e201301
300 _a224 पृ.
_c20सेमी(अजिल्द)
700 _972400
942 _2ddc
_cHN
_h158.1
_mबजाज
999 _c206153
_d206153